书目信息 |
| 题名: |
卫星电视
|
|
| 作者: | 顾龙翔 编著 | |
| 分册: | ||
| 出版信息: | 上海 华东师范大学出版社 1991.5 |
|
| 页数: | 433页 | |
| 开本: | 20cm | |
| 丛书名: | ||
| 单 册: | ||
| 中图分类: | V474.23 | |
| 科图分类: | 73.462487 | |
| 主题词: | 卫星通讯系统∶电视广播系统 , 电视广播系统∶卫星通讯系统 | |
| 电子资源: | ||
| ISBN: | 7-5617-0637-5 | |
| 000 | 00866nam0 2200265 45 | |
| 001 | 0191018109 | |
| 005 | 20070714111343.32 | |
| 010 | @a7-5617-0637-5@dCNY4.25 | |
| 020 | @aCN@b91018109 | |
| 100 | @a19920604d1991 kemy0chiy0121 ea | |
| 101 | 0 | @achi |
| 102 | @aCN@b310000 | |
| 105 | @ay z 000yy | |
| 200 | 10 | @a卫星电视@Awei xing dian shi@f顾龙翔编著@Fgu long xiang bian zhu |
| 210 | @a上海@c华东师范大学出版社@d1991.5 | |
| 215 | @a433页@d20cm | |
| 330 | @a本书采用理论分析、计算机运算和工程应用的统一方法,阐述卫星电视的基本原理、系统分析方法工程技术的规范设计及其实际应用。 | |
| 540 | 1 | @a卫星 电视@Awei xing dian shi |
| 606 | @a卫星通讯系统∶电视广播系统 | |
| 606 | @a电视广播系统∶卫星通讯系统 | |
| 690 | @aV474.23 | |
| 692 | @a73.462487 | |
| 701 | 0 | @a顾龙翔@Agu long xiang@4编著 |
| 801 | 0 | @aCN@bTSSF@c20070714 |
| 905 | @a10447@dV474.23@e38 | |
| 卫星电视/顾龙翔编著.-上海:华东师范大学出版社,1991.5 |
| 433页;20cm |
| ISBN 7-5617-0637-5:CNY4.25 |
| 本书采用理论分析、计算机运算和工程应用的统一方法,阐述卫星电视的基本原理、系统分析方法工程技术的规范设计及其实际应用。 |
| ● |
| 相关链接 |
|
|
|
|
正题名:卫星电视
索取号:V474.23/38
 
预约/预借
| 序号 | 登录号 | 条形码 | 馆藏地/架位号 | 状态 | 备注 |
| 1 | 0766057 | 207660574 | 第二样本阅览室/ [索取号:V474.23/38] | 在馆 |